[Daňové systémy]

Učebnica Daňové systémy, autorky G.Lenártovej má za cieľ poskytnúť prehľadný, zrozumiteľný a stručný výklad daňovej teórie, nielen pre študentov ale aj pre pracovníkov daňovej praxe, ktorí utvárajú koncepciu daňovej politiky na Slovensku. Prvá časť publikácie je venovaná systémovému vymedzeniu danej...

Descrizione completa

Salvato in:
Dettagli Bibliografici
Autore principale: Ďurinová, Ivona, 1964-
Natura: Capitolo di libro
Lingua:slovacco
Soggetti:
Tags: Aggiungi Tag
Nessun Tag, puoi essere il primo ad aggiungerne!!

MARC

LEADER 00000naa$a2200000$$$4500
001 0023523
005 20240502071418.1
041 0 |a slo 
044 |a SK 
245 1 0 |a [Daňové systémy]  |c Ivona Ďurinová 
520 |a Učebnica Daňové systémy, autorky G.Lenártovej má za cieľ poskytnúť prehľadný, zrozumiteľný a stručný výklad daňovej teórie, nielen pre študentov ale aj pre pracovníkov daňovej praxe, ktorí utvárajú koncepciu daňovej politiky na Slovensku. Prvá časť publikácie je venovaná systémovému vymedzeniu danej problematiky, výkladu základných teórií a pojmov, histórii zdanenia, klasifikácii daní a vymedzuje tiež základné ciele zdanenia. Druhá časť je venovaná samotnej daňovej teórii, ktorá je východiskom tvorby daňových systémov. 
610 2 0 |a systémy daňové 
610 2 0 |a recenzie 
610 2 0 |a učebnice 
610 2 0 |a dane 
610 2 0 |a pojmy 
610 2 0 |a klasifikácia 
610 2 0 |a teórie daňové 
100 1 |a Ďurinová, Ivona, 1964-